000 02157cam a22004574a 4500
001 ocm67609540
003 TZ-ArACH
005 2014091108248.0
008 060405s2005 fr b 001 0 fre
010 _a 2006446877
020 _a2233004817
020 _a9782233004819
035 _a(OCoLC)67609540
040 _aDLC
_cTZ-ArACH
_dTZT
_dMUQ
_dGEBAY
041 _aFre
042 _apcc
043 _ae------
049 _aSZTA
050 0 0 _aKJC5138
_b.E915
082 1 4 _a342
_21
100 1 _aEudes, Marina.
_92605
245 1 3 _aPratique judiciaire interne de la Cour européenne des droits de l'homme /
_cMarina Eudes ; [avant-propos Emmanuel Decaux ; préface Gérard Cohen-Jonathan].
260 _aParis :
_bPedone,
_c2005.
300 _a564 p. ;
_c24 cm.
440 0 _aPublications de la fondation Marangopoulos pour les droits de l'homme ;
_v8
_92606
504 _aIncludes bibliographical references (p. 485-515) and index.
610 2 0 _aEuropean Court of Human Rights.
_92607
610 2 6 _aCour européenne des droits de l'homme.
_92608
610 2 7 _92609
650 0 _aHuman rights
_zEurope.
_92610
650 6 _aProcessus judiciaire
_zEurope.
_92611
650 0 7 _aJudicial process
_92612
653 _aEuropean human rights
776 0 8 _iOnline version:
_aEudes, Marina.
_tPratique judiciaire interne de la Cour européenne des droits de l'homme.
_dParis : Pedone, 2005
_w(OCoLC)620143584
942 _2lcc
_cBOOK
999 _c972
_d972